00988nam a22002537a 450000500170000001000150001702000260003203500130005803500130007103700130008403700170009708200120011410000240012624500890015026000400023927000530027930000200033250000190035252000120037194200260038399900170040995201250042695201830055120170203151652.0 aENG-110462 a9789380828497c599.00 aEN-93994 aB-529566 bDBAD/PUB bBBB/Venadpl a320.954 aDhar, Maloy Krishna aBattleground India :cby Maloy Krishna Dharbprognosis of Hindu-Muslim exclusivism / aNew DelhibVitasta Publishingc2012 a2/15, Ansari Road, Darya GanjbNew Delhie110002 a495p.c24cm(Hb) aIncludes index a13-14EN 2ddccENmDHAh320.954 c86801d86801 001040718NFICaDBADbDBADd2014-07-11eDBAD/PUBg599.00l0o320.954 DHApEN-93994r2014-07-11 00:00:00t1v599.00yEN 001040708NFICaLbLd2014-08-11eBBB/IN11449/7.11.2013/28/10.10.2013/3.12.2013g599.00l2m2o320.954 DHApB-529566r2022-02-10 00:00:00s2022-01-04t1v599.00w2014-08-11yEN